000 00629nam a22001937a 4500
005 20130830145238.0
010 _aENG-108316
020 _c295.00
_a9788132111030
035 _aEN-91849
037 _bDBAD/PUB
082 _a658
100 _aBanerjee, Arindam
245 0 0 _aManagement essentials :
_cby Arindam Banerjee
_ba recipe for business success /
260 _aNew Delhi
_bSage Response
_c2013
270 _aB1/I-1 Mohan Cooperative Industrial Area Mathura Road,
_bNew Delhi
_e110044
300 _axxiv,141p.
_c22cm(pbk)
500 _aIncludes bibliographical references
942 _2ddc
_cEN
_mBAN
_h658
999 _c78596
_d78596